000 00721nam a22002177a 4500
003 UA-OsUOA
001 137025
007 ta
008 20190422b un ||||| |||| 00| 0 ukr d
100 _aЛапаєв Ю.
090 _a32
_bЛ24
942 _cSA
040 _aUA-OsUOA
_bukr
_cUA-OsUOA
_dUA-OsUOA
245 _a"Тріумф" неволі. Як роійська протиповітряна система стала каменем спотикання для міжнародної політики Туреччини
300 _aС.40-42
955 _a0
041 _aukr
080 _a32
773 0 _w137024
_tУкраїнський тиждень
_dК.
_d2019
_g15
650 7 _a32 Політика
_2UDC
999 _c421100
_d421100